Entry Nombre personal
001 - NÚMERO DE CONTROL
- campo de control: 31208
003 - IDENTIFICADOR DE NÚMERO DE CONTROL
- campo de control: SpMaBN
005 - FECHA Y HORA DE LA ÚLTIMA TRANSACCIÓN
- campo de control: 20250812054731.0
008 - ELEMENTOS DE DATO DE LONGITUD-FIJA
- campo de control de longitud fija: 030711n| aijnnaabn |a aaa
016 ## - NÚMERO DE CONTROL DE UNA AGENCIA BIBLIOGRÁFICA NACIONAL
- Número de control del registro: BNE20032048936
024 7# - IDENTIFICADOR DE OTROS ESTÁNDARES
- Número estándar o código: http://www.wikidata.org/entity/Q53550994
- Fuente: wikidata
024 7# - IDENTIFICADOR DE OTROS ESTÁNDARES
- Número estándar o código: http://viaf.org/viaf/61788562/
- Fuente: viaf
024 7# - IDENTIFICADOR DE OTROS ESTÁNDARES
- Número estándar o código: https://isni.org/isni/0000000117664602
- Fuente: isni
040 ## - FUENTE DE CATALOGACIÓN
- Centro catalogador/agencia de origen: SpMaBN
- Lengua de catalogación: spa
- Centro/agencia transcriptor: SpMaBN
- Normas de descripción: rdc
- Convención/Normas de encabezamiento de materia/tesauro: embne
046 ## - FECHAS CON CODIFICACIÓN ESPECIAL
- Fecha de nacimiento: 1972
100 1# - ENCABEZAMIENTO-NOMBRE DE PERSONA
- Nombre de persona: Bozal, Amaya,
- Fechas asociadas al nombre: 1972-
375 ## - GÉNERO/SEXO
- Género: Femenino
377 ## - IDIOMA ASOCIADO
- Código del idioma: spa
- Término de lengua/lenguaje: Español
400 1# - TRAZADO DE VÉASE--NOMBRE DE PERSONA
- Nombre de persona: Bozal Chamorro, Amaya,
- Fechas asociadas al nombre: 1972-
670 ## - FUENTE DE DATOS ENCONTRADOS
- Cita de la fuente: Amaya Bozal, 2007
- Información encontrada: p. 17 (n. 1972, en Madrid; pintora y escultora)
670 ## - FUENTE DE DATOS ENCONTRADOS
- Cita de la fuente: Eso no puede pasar aquí, 2012
- Información encontrada: port. (tradución, glosario, documentación y notas, Amaya Bozal)
670 ## - FUENTE DE DATOS ENCONTRADOS
- Cita de la fuente: WWW Ediciona, 09-04-2013
- Información encontrada: (Amaya Bozal Chamorro, pintora, escultora, traductora de textos)
